I talk back to the devil: (Record no. 13085)

000 -LEADER
fixed length control field 00643nam a2200181 a 4500
001 - CONTROL NUMBER
control field :::00010903$&:&@@
003 - CONTROL NUMBER IDENTIFIER
control field OkBaRHE
005 - DATE AND TIME OF LATEST TRANSACTION
control field 20000607103403.0
008 - FIXED-LENGTH DATA ELEMENTS--GENERAL INFORMATION
fixed length control field s1972 j 000 0 eng u
040 ## - CATALOGING SOURCE
Transcribing agency
100 1# - MAIN ENTRY--PERSONAL NAME
Personal name Tozer, A. W. (Aiden Wilson), 1897-1963.
245 10 - TITLE STATEMENT
Title I talk back to the devil:
Remainder of title essays in spiritual perfection.
260 ## - PUBLICATION, DISTRIBUTION, ETC. (IMPRINT)
Place of publication, distribution, etc Harrisburg, PA., :
Name of publisher, distributor, etc Christian Publications
Date of publication, distribution, etc c1972
300 ## - PHYSICAL DESCRIPTION
Extent 144 p. ;
Dimensions 18 cm.
650 ## - SUBJECT ADDED ENTRY--TOPICAL TERM
Topical term or geographic name as entry element Spiritual Life
General subdivision Christian and Missionary Alliance Authors
942 ## - ADDED ENTRY ELEMENTS (KOHA)
Source of classification or shelving scheme
Koha item type Books
Copies
Damaged status Lost status Full call number Source of classification or shelving scheme Date last seen Withdrawn status Permanent Location Price effective from Date acquired Not for loan Copy number Koha item type Shelving location Barcode
  BV 4501.2 .T63 2010-04-14 RHEMA Bible Training College2010-04-142010-04-14 1BooksGeneral Stacks10903